FAO animal production and health paper N.84 Training manuel for embryo tranfer in water-buffaloes

Saved in:
Bibliographic Details
Main Author: Maarten Drost
Format: Book
Language:Undetermined
Published: Rome FAO 1991
Subjects:
Tags: Add Tag
No Tags, Be the first to tag this record!
Institutions: Trung tâm Học liệu Trường Đại học Cần Thơ
LEADER 00574nam a2200193Ia 4500
001 CTU_3995
008 210402s9999 xx 000 0 und d
082 |a 636 
082 |b F218/N.84 
100 |a Maarten Drost 
245 0 |a FAO animal production and health paper N.84 
245 0 |b Training manuel for embryo tranfer in water-buffaloes 
245 0 |c Maarten Drost 
260 |a Rome 
260 |b FAO 
260 |c 1991 
650 |a animal industry,buffaloes 
904 |i Nguyễm Quang Điền, 960530 
980 |a Trung tâm Học liệu Trường Đại học Cần Thơ